The revival we need. (Record no. 10704)

000 -LEADER
fixed length control field 00648nam a2200193 a 4500
001 - CONTROL NUMBER
control field :::00008495$&:&@@
003 - CONTROL NUMBER IDENTIFIER
control field OkBaRHE
005 - DATE AND TIME OF LATEST TRANSACTION
control field 20000607103344.0
008 - FIXED-LENGTH DATA ELEMENTS--GENERAL INFORMATION
fixed length control field s1950 j 000 0 eng u
040 ## - CATALOGING SOURCE
Transcribing agency
100 1# - MAIN ENTRY--PERSONAL NAME
Personal name Smith, Oswald J.
245 14 - TITLE STATEMENT
Title The revival we need.
260 ## - PUBLICATION, DISTRIBUTION, ETC. (IMPRINT)
Place of publication, distribution, etc London, UK:EN., :
Name of publisher, distributor, etc Marshall, Morgan, and Scott, Ltd.
Date of publication, distribution, etc c1950
300 ## - PHYSICAL DESCRIPTION
Extent 120 p. ;
Dimensions 19 cm.
650 ## - SUBJECT ADDED ENTRY--TOPICAL TERM
Topical term or geographic name as entry element Revivals
942 ## - ADDED ENTRY ELEMENTS (KOHA)
Source of classification or shelving scheme
Koha item type Books
Copies
Withdrawn status Lost status Date last seen Copy number Full call number Source of classification or shelving scheme Shelving location Permanent Location Price effective from Barcode Koha item type Not for loan Damaged status Date acquired
  2010-04-141BV 3790 .S66O8 General StacksRHEMA Bible Training College2010-04-148495Books  2010-04-14
  2010-04-142BV 3790 .S66O8 General StacksRHEMA Bible Training College2010-04-1415463Books  2010-04-14